000 00572nam a22001937a 4500
999 _c4809
_d4809
003 AR-CdUCM
008 190311b ||||| |||| 00| 0 spa d
040 _aMUNICIPALIDAD PROVINCIAL DEL CUSCO
_cBIBLIOTECA MUNICIPAL DEL CUSCO
082 _a869.26 /
_bM26
100 _aMartínez Estrada, Ezequiel
_95357
245 _aCoplas de ciego /
260 _aBuenos Aires :
_bAmericalee,
_c1959.
300 _a59 páginas ;
_c16 cm.
500 _aDonación familia Nieto
650 _aPoesías argentinas
_911979
650 _aSiglo XX
_98
942 _2ddc
_cLIBROS
945 _aafb